[Event "PRO League Group Stage"]
[Site "chess.com INT"]
[Date "2017.02.22"]
[Round "7"]
[White "Molner, Mackenzie"]
[Black "Macagno, Sergio"]
[Result "1/2-1/2"]
[WhiteTitle "GM"]
[BlackTitle "FM"]
[WhiteElo "2450"]
[BlackElo "2320"]
[WhiteTeam "Montclair Sopranos"]
[BlackTeam "Patagonia Penguins"]
[WhiteFideId "2021722"]
[BlackFideId "100773"]
[EventDate "2017.01.11"]

1. e4 e5 2. Nf3 Nc6 3. Bb5 Nge7 4. c3 d6 5. d4 Bd7 6. O-O Ng6 7. Be3 Be7 8. Nbd2
O-O 9. dxe5 dxe5 10. a4 a6 11. Be2 Be6 12. Qc2 f6 13. Rfd1 Qe8 14. Bc4 Qf7 15.
Bxe6 Qxe6 16. b4 Rfd8 17. Qb3 Nf8 18. Kf1 Rd3 19. Rac1 Rad8 20. Qxe6+ Nxe6 21.
Ne1 R3d7 22. g3 Kf7 23. f3 a5 24. b5 Nb8 25. Ke2 Ba3 26. Rb1 Bc5 27. Nc4 Rxd1
28. Rxd1 Rxd1 29. Kxd1 Bxe3 30. Nxe3 Nc5 31. Nc4 Nxa4 32. Kc2 b6 33. Nd3 Nd7 34.
Ne3 Ke6 35. h4 g6 36. Nd5 Kd6 37. g4 c6 38. bxc6 Kxc6 39. f4 Nac5 40. Nxc5 Kxc5
41. f5 gxf5 42. gxf5 b5 43. Kb3 Kd6 44. Kc2 Kc5 45. Kb3 a4+ 46. Kc2 Kc6 47. Ne7+
Kc5 48. Nd5 Kc4 49. Ne3+ Kc5 50. Nd5 1/2-1/2

[Event "PRO League Group Stage"]
[Site "chess.com INT"]
[Date "2017.02.22"]
[Round "7"]
[White "Molner, Mackenzie"]
[Black "Pacheco, Daniel"]
[Result "0-1"]
[WhiteTitle "GM"]
[BlackTitle "FM"]
[WhiteElo "2450"]
[BlackElo "2279"]
[WhiteTeam "Montclair Sopranos"]
[BlackTeam "Patagonia Penguins"]
[WhiteFideId "2021722"]
[BlackFideId "101680"]
[EventDate "2017.01.11"]

1. d4 e6 2. c4 b6 3. e4 Bb7 4. Bd3 Nc6 5. Nf3 Nb4 6. Nc3 Nxd3+ 7. Qxd3 Ne7 8.
O-O g6 9. Bf4 Bg7 10. Qe3 h6 11. Be5 f6 12. Bg3 O-O 13. c5 d6 14. cxd6 cxd6 15.
Nb5 d5 16. exd5 Bxd5 17. Rfe1 Nf5 18. Qe2 Qd7 19. Nc3 Bxf3 20. Qxf3 Nxd4 21. Qd3
Kh7 22. Rad1 Rad8 23. f3 e5 24. f4 Qf5 25. Qxf5 Nxf5 26. fxe5 fxe5 27. Rxd8 Rxd8
28. Re2 Nxg3 29. hxg3 Rd3 30. Kf2 h5 31. Re3 Rd7 32. Ke2 a6 33. Rd3 Rd4 34. Rxd4
exd4 35. Nd5 d3+ 36. Kxd3 Bxb2 37. Nxb6 Be5 38. g4 h4 39. Nc4 Bc7 40. Ke4 Kh6
41. Ne3 Kg5 42. Kf3 Bd6 43. Nc4 Bc7 44. Ne3 Bb6 45. Nc4 Bd4 46. Nd6 Kf6 47. Ke4
Ba7 48. Nc4 Ke6 49. Nd2 Bb8 50. Nf3 Bg3 51. Kd4 Kd6 52. Kc4 Bf2 53. a4 Kc6 54.
Ne5+ Kd6 55. Nxg6 Bg3 56. Kd4 Ke6 57. Ke4 Kf6 58. Nf4 Kg5 59. Nd5 Kxg4 60. Nb4
Bd6 61. Nd3 Kg3 62. Kd5 Bb8 63. Nc5 Kxg2 64. Nxa6 Bg3 0-1

[Event "PRO League Group Stage"]
[Site "chess.com INT"]
[Date "2017.02.22"]
[Round "7"]
[White "Lampert, Jonas"]
[Black "Tan, Justin2"]
[Result "1/2-1/2"]
[WhiteTitle "IM"]
[BlackTitle "IM"]
[WhiteElo "2510"]
[BlackElo "2451"]
[WhiteTeam "Hamburg Swashbucklers"]
[BlackTeam "London Lions"]
[WhiteFideId "1303759"]
[BlackFideId "3206882"]
[EventDate "2017.01.11"]

1. d4 Nf6 2. c4 e6 3. Nc3 Bb4 4. Nf3 c5 5. g3 cxd4 6. Nxd4 Ne4 7. Qc2 Nxc3 8.
bxc3 Be7 9. Bg2 O-O 10. O-O d6 11. Rd1 a6 12. Rb1 Qc7 13. Qb3 Nd7 1/2-1/2

[Event "PRO League Group Stage"]
[Site "chess.com INT"]
[Date "2017.02.22"]
[Round "7"]
[White "Harvey, Marcus R"]
[Black "Huschenbeth, Niclas"]
[Result "1/2-1/2"]
[WhiteTitle "FM"]
[BlackTitle "GM"]
[WhiteElo "2275"]
[BlackElo "2565"]
[WhiteTeam "London Lions"]
[BlackTeam "Hamburg Swashbucklers"]
[WhiteFideId "400092"]
[BlackFideId "24604747"]
[EventDate "2017.01.11"]

1. Nf3 c5 2. b3 Nc6 3. Bb2 d5 4. e3 a6 5. Be2 Nf6 6. O-O e6 7. c4 d4 8. d3 Be7
9. a3 a5 10. exd4 cxd4 11. Nbd2 O-O 12. Re1 e5 13. Bf1 Qc7 14. Qe2 Re8 15. Ne4
Bf5 16. Nfd2 Bg6 17. Nxf6+ Bxf6 18. Ne4 Be7 19. g4 Nd8 20. Ng3 f6 21. Bg2 Ne6
22. Bd5 Bf7 23. Bxe6 Bxe6 24. f4 Bd6 25. f5 Bf7 26. Ne4 Be7 27. Bc1 b5 28. Bd2
a4 29. g5 axb3 30. Qg4 fxg5 31. Bxg5 Bxg5 32. Qxg5 Kh8 33. cxb5 b2 34. Rab1 Rxa3
35. Rxb2 Rxd3 36. b6 Qb8 37. b7 Rb3 38. Rxb3 Bxb3 39. Nc5 Bd5 40. f6 Rg8 41. f7
Bxf7 42. Qxe5 d3 43. Qxb8 Rxb8 44. Re7 Bc4 45. Rc7 d2 46. Rd7 Kg8 47. Rxd2 Bb5
48. Rb2 Bc6 49. Rb6 Bf3 50. Kf2 Bh1 51. Rb1 Bc6 52. Rb6 Bh1 53. Ke3 Kf7 54. Kd4
Ke7 55. Ke5 Bg2 56. Re6+ Kf7 57. Rd6 Bxb7 58. Rd7+ Kg6 59. Nxb7 Rf8 60. Rd2 Kh5
61. Nd6 g6 62. Ne4 Kh4 63. Rd3 Rf5+ 64. Ke6 Rf1 65. Nf6 Rf2 66. Rd4+ Kh3 67.
Nxh7 Rxh2 68. Kf6 Rf2+ 69. Kxg6 Rg2+ 70. Ng5+ Kg3 71. Rd3+ Kf4 72. Rf3+ Ke5 73.
Re3+ Kf4 74. Re4+ Kg3 75. Ra4 Kf2 76. Ra2+ Kg3 77. Ra3+ Kf4 78. Kf6 Rb2 79. Ra4+
Ke3 80. Kf5 Rd2 81. Re4+ Kd3 82. Ne6 Ra2 83. Nc5+ Kc3 84. Ke5 Ra5 85. Kd5 Ra8
86. Re3+ Kd2 87. Rh3 Rg8 88. Kd4 Rd8+ 89. Kc4 Rc8 90. Rg3 Ke2 91. Kd4 Rd8+ 92.
Ke5 Re8+ 93. Ne6 Kf2 94. Ra3 Ke2 95. Kd5 Kf2 96. Nf4 Rf8 97. Ke5 Re8+ 98. Kd4
Rd8+ 99. Nd5 Ke2 100. Re3+ Kf2 101. Re5 Ra8 102. Rf5+ Ke2 103. Nc3+ Ke1 104. Ke3
Rh8 105. Rf3 Re8+ 106. Ne4 Kd1 107. Rf7 Kc2 108. Rc7+ Kb3 109. Rc6 Kb4 110. Kd4
Rd8+ 111. Nd6 Kb3 112. Rb6+ Kc2 113. Kc4 Kd2 114. Kd4 Kc2 115. Ra6 Rd7 116. Ke4
Rd8 117. Nc4 Re8+ 118. Ne5 Kc3 119. Rc6+ Kd2 120. Rc7 Re6 121. Rc5 Re8 122. Rc6
Re7 123. Kd4 Re8 124. Rc7 Re6 125. Rh7 Re8 126. Rh2+ Ke1 127. Nd3+ Kf1 128. Rd2
Re7 129. Ne5 Re8 130. Ke4 Ke1 131. Ra2 Kf1 132. Kf3 Rxe5 133. Ra1+ Re1 134.
Rxe1+ Kxe1 1/2-1/2

[Event "PRO League Group Stage"]
[Site "chess.com INT"]
[Date "2017.02.22"]
[Round "7"]
[White "Garcia Cardenas, Pablo"]
[Black "Molner, Mackenzie"]
[Result "1/2-1/2"]
[WhiteTitle "IM"]
[BlackTitle "GM"]
[WhiteElo "2424"]
[BlackElo "2450"]
[WhiteTeam "Patagonia Penguins"]
[BlackTeam "Montclair Sopranos"]
[WhiteFideId "3406903"]
[BlackFideId "2021722"]
[EventDate "2017.01.11"]

1. d4 Nf6 2. c4 g6 3. f3 Nc6 4. d5 Ne5 5. e4 d6 6. Qc2 Bg7 7. Ne2 c6 8. Nec3 O-O
9. Be2 cxd5 10. cxd5 e6 11. dxe6 Bxe6 12. O-O Qb6+ 13. Kh1 Rac8 14. Bg5 d5 15.
Bxf6 Bxf6 16. exd5 Bxd5 17. Nd2 Be6 18. Rae1 Bg7 19. f4 Bf5 20. Nde4 Nc6 21. Qb3
Qxb3 22. axb3 Rfd8 23. Ng3 Be6 24. Bc4 Bxc4 25. bxc4 Rd2 26. f5 Rxb2 27. f6 Bf8
28. Nd5 Rc2 29. Re4 a5 30. h3 a4 31. Ra1 a3 32. Ne7+ Bxe7 33. fxe7 Re8 34. Rxa3
Rxe7 35. Rxe7 Nxe7 36. Ra8+ Kg7 37. Rb8 Rxc4 38. Rxb7 Nd5 39. Rb2 h5 40. Ne2 Re4
41. Kg1 h4 42. Kf2 Nf6 43. Rd2 Ra4 44. Rd4 Rxd4 45. Nxd4 Ne4+ 46. Ke3 f5 47. Nf3
g5 48. Kd4 Kf6 49. Ke3 Ng3 50. Kf2 Nh5 51. Ke3 Nf4 52. Kf2 Ng6 53. Kf1 Ne5 54.
Nd4 Nc4 55. Nf3 Nd6 56. Kf2 Nf7 57. Kf1 Ne5 58. Nd4 Nd3 59. Nf3 Kg6 60. Nd4 Nf4
61. Nf3 Nh5 62. Ne5+ Kf6 63. Nf3 Ng3+ 64. Kf2 Ne4+ 65. Kf1 1/2-1/2

[Event "PRO League Group Stage"]
[Site "chess.com INT"]
[Date "2017.02.22"]
[Round "7"]
[White "Studen, Damir"]
[Black "Liu, Aristo S"]
[Result "0-1"]
[WhiteElo "2223"]
[BlackElo "1969"]
[WhiteTeam "Atlanta Kings"]
[BlackTeam "Columbus Cardinals"]
[WhiteFideId "2009129"]
[BlackFideId "30903483"]
[EventDate "2017.01.11"]

1. d4 Nf6 2. Nf3 g6 3. g3 Bg7 4. Bg2 O-O 5. O-O d6 6. c4 c5 7. Nc3 Nc6 8. Re1
Rb8 9. h3 a6 10. e4 b5 11. cxb5 axb5 12. a3 Na5 13. b4 cxb4 14. axb4 Nc6 15. Qb3
Qb6 16. d5 Ne5 17. Nxe5 dxe5 18. Be3 Qd8 19. Ra7 Ne8 20. Bf1 Nd6 21. Bc5 Bd7 22.
Rea1 f5 23. Bxd6 exd6 24. R1a6 f4 25. Rxd6 fxg3 26. fxg3 Rxf1+ 27. Kxf1 Bxh3+
28. Ke2 Qxd6 29. Ra5 Bg4+ 30. Kd3 Bf8 31. Na2 Bh6 32. Nc3 Qb6 33. d6+ Kh8 34.
Qd5 Qe3+ 35. Kc2 Rc8 36. Qd3 Bd1+ 0-1

[Event "PRO League Group Stage"]
[Site "chess.com INT"]
[Date "2017.02.22"]
[Round "7"]
[White "Corallo, Michael Patrick"]
[Black "Wang, Jason"]
[Result "1/2-1/2"]
[WhiteElo "2275"]
[BlackElo "2006"]
[WhiteTeam "Atlanta Kings"]
[BlackTeam "Columbus Cardinals"]
[WhiteFideId "2024152"]
[BlackFideId "30908124"]
[EventDate "2017.01.11"]

1. e4 c5 2. Nf3 e6 3. d4 cxd4 4. Nxd4 a6 5. Be2 Nf6 6. Nc3 Qc7 7. O-O b5 8. e5
Qxe5 9. Bf3 Ra7 10. Be3 Bc5 11. b4 Bxb4 12. Ndxb5 axb5 13. Bd4 Qg5 14. Ne4 Nxe4
15. Bxa7 Nc6 16. Be3 Qg6 17. Qd3 Nc3 18. a3 Qxd3 19. cxd3 Ba5 20. Bc5 Bb7 21.
Rfc1 Na4 22. Bd6 f6 23. Rab1 Nc3 24. Rb3 Nd4 25. Rbxc3 Nxf3+ 26. gxf3 Bxc3 27.
Rxc3 Bc6 28. Kg2 Kf7 29. Kg3 Ra8 30. h4 Ra4 31. Bb4 Ke8 32. d4 Kd8 33. Kf4 Kc7
34. Ke3 Kb6 35. h5 Bd5 36. Rc1 Bc4 37. Rg1 g6 38. hxg6 hxg6 39. Rxg6 f5 40. Rg8
Kc6 41. Rc8+ Kb7 42. Rf8 Kc6 43. Rc8+ Kb7 1/2-1/2

[Event "PRO League Group Stage"]
[Site "chess.com INT"]
[Date "2017.02.22"]
[Round "7"]
[White "Corallo, Michael Patrick"]
[Black "Baker, Vincent J"]
[Result "0-1"]
[WhiteElo "2275"]
[BlackElo "1960"]
[WhiteTeam "Atlanta Kings"]
[BlackTeam "Columbus Cardinals"]
[WhiteFideId "2024152"]
[BlackFideId "30911974"]
[EventDate "2017.01.11"]

1. e4 c5 2. Nf3 Nc6 3. Bb5 g6 4. Bxc6 bxc6 5. O-O Bg7 6. Re1 Nf6 7. e5 Nd5 8. c4
Nb6 9. d3 O-O 10. Bg5 h6 11. Be3 d6 12. Qd2 Bf5 13. Bxh6 dxe5 14. Bxg7 Kxg7 15.
Nxe5 Qd6 16. Nc3 f6 17. Nf3 Rfd8 18. Ne4 Bxe4 19. Rxe4 e5 20. Rh4 Rh8 21. Rxh8
Rxh8 22. Qe3 Rd8 23. Ne1 Na4 24. Rb1 Rb8 25. b4 Qd4 26. Qxd4 exd4 27. Nc2 Nc3
28. Rb2 a5 29. a3 Nd1 30. Rb1 Nc3 31. Rb3 cxb4 32. axb4 axb4 33. Rxb4 Rxb4 34.
Nxb4 c5 35. Na6 Na4 36. g4 Kf7 37. Kf1 Ke7 38. h4 Kf7 39. Ke2 f5 40. g5 Ke7 41.
Nc7 Nc3+ 42. Kf3 Kd6 43. Nb5+ Ke5 44. Na3 Nd1 45. Nc2 Nb2 46. Ne1 Na4 47. Kg3
Nc3 48. f4+ Ke6 49. Kf2 Nd1+ 50. Ke2 Ne3 51. Nf3 Ng2 52. Kf2 Nxf4 53. Ne1 Ke5
54. Kf3 Nh3 55. Ng2 f4 56. Kg4 Nf2+ 57. Kf3 Nxd3 58. h5 gxh5 59. Nh4 Ne1+ 60.
Ke2 Nc2 61. Kd3 Ne3 62. Ke2 Nxc4 63. Kf3 d3 0-1

[Event "PRO League Group Stage"]
[Site "chess.com INT"]
[Date "2017.02.22"]
[Round "7"]
[White "Fernandez, Daniel Howard"]
[Black "Lampert, Jonas"]
[Result "1/2-1/2"]
[WhiteTitle "IM"]
[BlackTitle "IM"]
[WhiteElo "2473"]
[BlackElo "2510"]
[WhiteTeam "London Lions"]
[BlackTeam "Hamburg Swashbucklers"]
[WhiteFideId "5801605"]
[BlackFideId "1303759"]
[EventDate "2017.01.11"]

1. Nf3 d5 2. c4 c6 3. b3 Nf6 4. Bb2 g6 5. Bxf6 exf6 6. e3 Bg7 7. d4 O-O 8. g3
dxc4 9. bxc4 c5 10. Bg2 Nc6 11. O-O cxd4 12. Nxd4 Nxd4 13. exd4 f5 14. Bd5 Be6
15. Nc3 Bxd5 16. Nxd5 b5 17. Qd3 Rc8 18. Qa3 Rxc4 19. Ne7+ Kh8 20. Rfe1 Qxd4 21.
Rad1 Qc5 22. Qf3 Rc2 23. Rd5 Qb6 24. Re2 Rxe2 25. Qxe2 a6 26. Rd7 Qc5 27. h4 f4
28. gxf4 Qc1+ 29. Kg2 Qxf4 30. h5 Qg5+ 31. Kf1 Qh4 32. Kg2 gxh5 33. Rd5 Qg4+ 34.
Qxg4 hxg4 35. Kg3 Bf6 36. Nf5 Rd8 37. Rc5 h5 38. Ne3 Kg7 39. Rxh5 Rd2 40. a4
bxa4 41. Ra5 Ra2 42. Rxa6 a3 43. Nf5+ Kg6 44. Kxg4 Rxf2 45. Nh4+ Kh7 46. Rxa3
Bxh4 47. Kxh4 Rg2 48. Rg3 Rh2+ 49. Rh3 Ra2 50. Kg3+ Kg6 51. Rh4 Ra3+ 52. Kg2 Kg5
53. Rb4 Re3 54. Kf2 Rd3 55. Ra4 Rd2+ 56. Kf3 Rd3+ 57. Kf2 Rh3 58. Kg2 Rc3 59.
Kf2 Rc5 60. Rb4 Rf5+ 61. Kg2 Rf4 62. Rb3 Kg4 63. Rg3+ Kf5 64. Ra3 Ke4 65. Ra4+
Kf5 66. Ra3 Rd4 67. Kf2 Ke4 68. Re3+ Kf5 69. Ra3 Kg5 70. Rg3+ Rg4 71. Ra3 f6 72.
Rb3 Re4 73. Rg3+ Kf5 74. Ra3 Rb4 75. Kg2 Ke4 76. Ra2 Rb3 77. Ra4+ Kf5 78. Ra5+
Kg4 79. Ra4+ Kg5 80. Ra5+ f5 81. Ra4 Rb2+ 82. Kf3 Rb3+ 83. Kf2 Rc3 84. Rb4 Rh3
85. Ra4 Rh6 86. Rb4 Ra6 87. Kf3 Ra3+ 88. Kf2 Rd3 89. Ra4 Kf6 90. Ra6+ Ke5 91.
Ra5+ Kf4 92. Ra4+ Kg5 93. Rb4 Rd8 94. Ra4 Rh8 95. Rb4 Ra8 96. Kf3 Ra3+ 97. Kf2
Kf6 98. Rb6+ Kf7 99. Rb7+ Kg6 100. Rb6+ Kh5 101. Rb4 Kg5 102. Rc4 Rb3 103. Ra4
Rb6 104. Kf3 Rc6 105. Rb4 Rc5 106. Ra4 f4 107. Ra8 Rc3+ 108. Kf2 Rc5 109. Kf3
Rc3+ 110. Kf2 Kg6 111. Rf8 Kg5 112. Rg8+ Kf5 113. Rf8+ Ke5 114. Re8+ Kd4 115.
Rf8 Ke4 116. Re8+ Kf5 117. Rf8+ 1/2-1/2

[Event "PRO League Group Stage"]
[Site "chess.com INT"]
[Date "2017.02.22"]
[Round "7"]
[White "Lenic, Luka"]
[Black "Mihajlov, Sebastian"]
[Result "1/2-1/2"]
[WhiteTitle "GM"]
[BlackTitle "FM"]
[WhiteElo "2641"]
[BlackElo "2384"]
[WhiteTeam "Ljubljana Direwolves"]
[BlackTeam "Norway Gnomes"]
[WhiteFideId "14603853"]
[BlackFideId "1512110"]
[EventDate "2017.01.11"]

1. d4 Nf6 2. c4 g6 3. Nc3 Bg7 4. e4 d6 5. Nf3 O-O 6. Be2 e5 7. O-O Nc6 8. dxe5
dxe5 9. Bg5 Qxd1 10. Rfxd1 h6 11. Be3 Kh7 12. h3 Be6 13. Nd5 Rac8 14. Bd3 Rfd8
15. a3 Nd7 16. Bf1 f5 17. b4 fxe4 18. Nd2 Nd4 19. Nxe4 Bxd5 20. cxd5 Nf6 21.
Nxf6+ Bxf6 22. Bxd4 exd4 23. Bc4 c6 24. dxc6 Rxc6 25. Bd3 Kg7 26. g3 Rc3 27. Kg2
Rd7 28. Ra2 b6 29. h4 Rdc7 30. a4 a5 31. bxa5 bxa5 32. Re2 Re7 33. Rxe7+ Bxe7
34. Bb5 Bc5 35. Rd2 Kf6 36. Kf1 h5 37. Ke2 g5 38. hxg5+ Kxg5 39. Bd3 h4 40.
gxh4+ Kxh4 41. Rd1 Kg5 42. Rg1+ Kf4 43. Rg7 Ra3 44. Rf7+ Ke5 45. f4+ Kd6 46.
Rf6+ Kd5 47. Rf5+ Kd6 48. Rf6+ Kd5 49. Rf5+ Kd6 50. Rf6+ Kd5 51. Rf5+ 1/2-1/2

[Event "PRO League Group Stage"]
[Site "chess.com INT"]
[Date "2017.02.22"]
[Round "7"]
[White "Milanovic, Danilo"]
[Black "Kovalenko, Igor"]
[Result "1-0"]
[WhiteTitle "GM"]
[BlackTitle "GM"]
[WhiteElo "2502"]
[BlackElo "2684"]
[WhiteTeam "Belgrade Sparrows"]
[BlackTeam "Riga Magicians"]
[WhiteFideId "915483"]
[BlackFideId "14117908"]
[EventDate "2017.01.11"]

1. d4 Nf6 2. c4 e6 3. Nc3 Bb4 4. e3 c5 5. Ne2 d6 6. a3 Ba5 7. Rb1 Nc6 8. d5 exd5
9. cxd5 Ne5 10. Ng3 O-O 11. Be2 Re8 12. O-O Ng6 13. b4 cxb4 14. axb4 Bb6 15. Na4
Re5 16. Nxb6 Qxb6 17. Bb2 Rxd5 18. Bd4 Rxd4 19. Qxd4 Qxd4 20. exd4 Nf4 21. Bf3
d5 22. Ra1 Bd7 23. Rfc1 Ne6 24. Nf5 Kf8 25. Rd1 Bc6 26. Ne3 Nc7 27. Ng4 Nxg4 28.
Bxg4 Ke7 29. Be2 a6 30. f3 Kd6 31. Kf2 Rd8 32. h4 h6 33. Ra3 Ne6 34. Re3 Rc8 35.
Rc3 Re8 36. g3 Ba4 37. Rd2 Bc6 38. Re3 Rc8 39. Rc3 Rd8 40. f4 Nc7 41. f5 Ne8 42.
g4 Nf6 43. Bf3 Rh8 44. Re2 Bb5 45. Re1 Bc6 46. Kg3 Bd7 47. Kf4 Bc6 48. Rh1 Ne4
49. Bxe4 dxe4 50. Rc5 Re8 51. Re5 Rd8 52. Rc1 g5+ 53. hxg5 hxg5+ 54. Kxg5 Bd5
55. Rc5 Bc6 56. Kf6 b6 57. Rxc6+ Kxc6 58. Rxe4 Kd5 59. Re7 Kxd4 60. g5 1-0

[Event "PRO League Group Stage"]
[Site "chess.com INT"]
[Date "2017.02.22"]
[Round "7"]
[White "Villanueva, Mario"]
[Black "Szabo, Gergely-Andras-Gyula"]
[Result "0-1"]
[WhiteTitle "IM"]
[BlackTitle "GM"]
[WhiteElo "2425"]
[BlackElo "2549"]
[WhiteTeam "Buenos Aires Krakens"]
[BlackTeam "Toronto Dragons"]
[WhiteFideId "113433"]
[BlackFideId "1205064"]
[EventDate "2017.01.11"]

1. e4 e6 2. d4 d5 3. Nd2 Nf6 4. e5 Nfd7 5. Bd3 c5 6. c3 Nc6 7. Ne2 cxd4 8. cxd4
f6 9. exf6 Nxf6 10. O-O Bd6 11. Nf3 Qc7 12. Nc3 a6 13. Be3 O-O 14. Rc1 Bd7 15.
Na4 Rae8 16. h3 Bc8 17. Re1 Qd8 18. Bxa6 bxa6 19. Rxc6 Ne4 20. Ne5 Qa5 21. Bd2
Nxd2 22. Rxd6 Ne4 23. Rxe4 dxe4 24. Nc3 Qb4 25. Nxe4 Qxb2 26. f3 Rd8 27. Rxd8
Rxd8 28. Nc6 Rd7 29. Nc5 Rc7 30. Ne5 Qxa2 31. Qe1 Qd5 32. Qh4 Rxc5 33. dxc5
Qxc5+ 34. Kh1 Qxe5 35. Qd8+ Kf7 36. Qxc8 a5 37. Qd7+ Kg6 38. f4 Qe4 39. Qe8+ Kh6
40. Qe7 Qxf4 41. Qxe6+ g6 42. Qb3 a4 43. Qa3 Qd4 44. Qf8+ Kg5 45. g3 Qe3 46. Kg2
a3 47. h4+ Kh5 48. Kh3 Qe6+ 49. Kh2 Qe2+ 50. Kh3 Qg4+ 51. Kh2 a2 52. Qg7 Qe2+
53. Kh3 Qf1+ 54. Kh2 a1=Q 55. Qxh7+ Kg4 56. Qxg6+ Kf3 57. Qf5+ Ke2 58. Qb5+ Kd2
59. Qg5+ Ke1 0-1

[Event "PRO League Group Stage"]
[Site "chess.com INT"]
[Date "2017.02.22"]
[Round "7"]
[White "Wang, Jason"]
[Black "Gulamali, Kazim"]
[Result "0-1"]
[BlackTitle "FM"]
[WhiteElo "2006"]
[BlackElo "2341"]
[WhiteTeam "Columbus Cardinals"]
[BlackTeam "Atlanta Kings"]
[WhiteFideId "30908124"]
[BlackFideId "2024764"]
[EventDate "2017.01.11"]

1. d4 e6 2. c4 f5 3. g3 Nf6 4. Bg2 d5 5. Nf3 c6 6. O-O Be7 7. b3 O-O 8. Ba3 Bxa3
9. Nxa3 Qe7 10. Nc2 b6 11. Nce1 Bb7 12. Nd3 Nbd7 13. Qc2 c5 14. cxd5 exd5 15. e3
Rac8 16. Qb2 c4 17. Nde5 c3 18. Qc2 Ne4 19. Nxd7 Qxd7 20. Ne5 Qd6 21. f4 Nd2 22.
Rfd1 Qa3 23. Rac1 g6 24. Nf3 Ne4 25. Ne5 Rc7 26. Qb1 c2 27. Rxc2 Nc3 28. Qa1
Rfc8 29. Rd3 Ne2+ 30. Rxe2 Rc1+ 31. Rd1 Rxa1 32. Rxa1 Kf8 33. Bf3 Ba6 34. Rf2
Bb7 35. Kg2 Ke7 36. h4 Ke6 37. h5 gxh5 38. Bxh5 Rc1 39. Rxc1 Qxc1 40. Re2 Ba6
41. Rf2 Qxe3 42. Nf3 Bd3 43. Ng5+ Kd6 44. Rf3 Qxd4 45. Nf7+ Ke7 46. Ng5 Be4 47.
Nxe4 fxe4 48. Rf2 Qe3 49. Re2 Qd3 50. Kf2 d4 51. Bg4 Kf6 52. Bh3 Qb1 53. Bg2 e3+
54. Kf3 Qd1 55. Bh3 d3 0-1

[Event "PRO League Group Stage"]
[Site "chess.com INT"]
[Date "2017.02.22"]
[Round "7"]
[White "Gunnarsson, Jon Viktor"]
[Black "Ladokun, Kolawole Akinyemi"]
[Result "1-0"]
[WhiteTitle "IM"]
[WhiteElo "2450"]
[BlackElo "1934"]
[WhiteTeam "Reykjavik Puffins"]
[BlackTeam "Lagos Leatherbacks"]
[WhiteFideId "2300931"]
[BlackFideId "8501467"]
[EventDate "2017.01.11"]

1. e4 Nf6 2. e5 Nd5 3. c4 Nb6 4. d4 d6 5. exd6 cxd6 6. Nc3 g6 7. Be3 Bg7 8. Rc1
O-O 9. b3 Nc6 10. Be2 a6 11. h3 Bd7 12. Nf3 e5 13. dxe5 Nxe5 14. Qxd6 Nc8 15.
Qd2 Qa5 16. Nxe5 Bxe5 17. O-O Bc6 18. Rfd1 Kh8 19. Nd5 Qxd2 20. Rxd2 Nd6 21. Bf3
Nf5 22. Bc5 Rfd8 23. Rcd1 b5 24. Nb6 Rxd2 25. Rxd2 Bxf3 26. Nxa8 Bxa8 27. Rd8+
Kg7 28. Rxa8 bxc4 29. bxc4 Nd6 30. Bxd6 Bxd6 31. Rxa6 Bc5 32. a4 1-0

[Event "PRO League Group Stage"]
[Site "chess.com INT"]
[Date "2017.02.22"]
[Round "7"]
[White "Akinseye, Abiola"]
[Black "Collins, Sam E."]
[Result "1-0"]
[WhiteTitle "CM"]
[BlackTitle "IM"]
[WhiteElo "2200"]
[BlackElo "2455"]
[WhiteTeam "Abuja Rockstars"]
[BlackTeam "Dublin Desperados"]
[WhiteFideId "8503010"]
[BlackFideId "2501198"]
[EventDate "2017.01.11"]

1. e4 e5 2. Nf3 Nc6 3. Bc4 Nf6 4. Ng5 d5 5. exd5 Na5 6. Bb5+ c6 7. dxc6 bxc6 8.
Be2 h6 9. Nf3 e4 10. Ne5 Bd6 11. d4 exd3 12. Nxd3 O-O 13. O-O Qc7 14. h3 Re8 15.
b3 c5 16. Bf3 Rb8 17. Bb2 Ne4 18. Nc3 Ng5 19. Nd5 Qd8 20. c4 Bf5 21. Bc3 Ne4 22.
Bxe4 Rxe4 23. Qf3 Bh7 24. Rfe1 Rxe1+ 25. Rxe1 Nc6 26. Qg4 Nd4 27. Re8+ Qxe8 28.
Nf6+ Kh8 29. Nxe8 Rxe8 30. Bxd4 cxd4 31. Qxd4 Bb8 32. Kf1 Bf5 33. b4 Bc7 34. g4
Rd8 35. Qxd8+ Bxd8 36. gxf5 g6 37. fxg6 fxg6 38. Ne5 Kg7 39. Nc6 Bf6 40. Nxa7
Kf7 41. Ke2 Ke6 42. Kd3 g5 43. Nb5 h5 44. Ke4 Be7 45. Nc7+ Kd7 46. Nd5 Bd8 47.
f3 Kd6 48. Kd4 Ke6 49. a4 Kd6 50. a5 Kc6 51. b5+ Kb7 52. a6+ Ka7 53. c5 Ba5 54.
Nf6 h4 55. Ne4 Bd8 56. Kd5 Be7 57. Ke6 Bd8 58. Kd7 Ba5 59. Nxg5 Bb4 60. Ne4 Ba3
61. f4 Bb2 62. f5 Bg7 63. f6 Bf8 64. f7 Kb8 65. c6 Ka7 66. c7 1-0

[Event "PRO League Group Stage"]
[Site "chess.com INT"]
[Date "2017.02.22"]
[Round "7"]
[White "Edouard, Romain"]
[Black "Lampert, Jonas"]
[Result "1/2-1/2"]
[WhiteTitle "GM"]
[BlackTitle "IM"]
[WhiteElo "2616"]
[BlackElo "2510"]
[WhiteTeam "London Lions"]
[BlackTeam "Hamburg Swashbucklers"]
[WhiteFideId "633429"]
[BlackFideId "1303759"]
[EventDate "2017.01.11"]

1. Nf3 d5 2. b3 Nf6 3. Bb2 e6 4. e3 Be7 5. d4 b6 6. Bd3 Bb7 7. Nbd2 O-O 8. O-O
c5 9. Ne5 Nbd7 10. f4 cxd4 11. exd4 Ne4 12. Nxe4 dxe4 13. Bc4 a6 14. a4 Nxe5 15.
fxe5 Bc6 16. Qe2 Qc8 17. c3 Qb7 18. Qg4 Bd5 19. Bxd5 exd5 20. c4 Rac8 21. Rac1
Bb4 22. Rc2 Rc6 23. Rcf2 Rg6 24. Qe2 Be7 25. cxd5 Qxd5 26. Qc4 Qxc4 27. bxc4 f6
28. e6 Rc8 29. Rc2 Rg5 30. Re1 Ra5 31. Ra1 Bb4 32. Kf2 Kf8 33. Ke3 f5 34. g4 Ke7
35. gxf5 Rxf5 36. Kxe4 Rcf8 37. Re2 Kxe6 38. d5+ Kd6 39. Bxg7 R8f7 40. Bd4 Bc5
41. Kd3 Rf3+ 42. Re3 Rxe3+ 43. Kxe3 Bxd4+ 44. Kxd4 Rf4+ 45. Kd3 Rh4 46. a5 Rh3+
47. Ke4 Rh4+ 48. Kf5 bxa5 49. Ra4 Rh5+ 50. Kf6 Rxh2 51. Rxa5 Kd7 52. Ke5 Rh4 53.
Rxa6 Rxc4 54. Rh6 Kd8 55. Rxh7 Rg4 56. Kd6 Rg6+ 57. Kc5 Rf6 58. d6 Rf1 59. Rh8+
Kd7 60. Rh7+ Kd8 61. Rh8+ Kd7 62. Rh7+ Kd8 1/2-1/2

[Event "PRO League Group Stage"]
[Site "chess.com INT"]
[Date "2017.02.22"]
[Round "7"]
[White "Mukumbya, Benjamin"]
[Black "Ostrovskiy, Andrey"]
[Result "0-1"]
[BlackTitle "IM"]
[WhiteElo "1901"]
[BlackElo "2444"]
[WhiteTeam "Seattle Sluggers"]
[BlackTeam "Las Vegas Desert Rats"]
[WhiteFideId "10001115"]
[BlackFideId "14110326"]
[EventDate "2017.01.11"]

1. Nf3 Nf6 2. g3 d5 3. d4 e6 4. Bg2 Be7 5. O-O O-O 6. Nbd2 c6 7. Re1 b6 8. e4
Bb7 9. e5 Ne8 10. Nf1 Nc7 11. c3 Nd7 12. h4 c5 13. N1h2 f5 14. exf6 Nxf6 15. Ng5
h6 16. Nxe6 Nxe6 17. Rxe6 Ne4 18. Bxh6 Bf6 19. Bf4 cxd4 20. cxd4 Bxh4 21. Bxe4
dxe4 22. Bd6 e3 23. Bxf8 Qd5 24. Qf3 exf2+ 25. Kf1 Rxf8 26. Qxd5 Bxd5 27. gxh4
Bxe6 28. Kg2 Bd5+ 29. Kg3 Rc8 30. Rf1 Rc2 31. Rxf2 Rxf2 32. Kxf2 Bxa2 33. Ke3
Kf7 34. Nf3 Ke6 35. Ng5+ Kf5 36. Ne4 Be6 37. Nf2 a5 38. Kf3 b5 39. Ke3 b4 40.
Nd3 Kg4 41. Nf4 Bd7 42. h5 a4 43. d5 a3 44. bxa3 bxa3 45. Ng6 a2 46. Ne5+ Kxh5
47. Nxd7 a1=Q 48. Nc5 Qe5+ 49. Ne4 Qxd5 50. Kf4 g5+ 51. Ke3 Qe5 52. Kf3 Qf4+ 53.
Kg2 Qxe4+ 54. Kh3 Qf3+ 55. Kh2 Kg4 56. Kg1 Qe2 0-1